Music Quiz

Random Music Quiz

'What If I Never Get Over You' Lyrics - Lady A Quiz Stats

 Plays Quiz not verified by Sporcle

Support Sporcle.
Go Orange.
Score 0/270 Timer 10:00
0 Plays Today
% Correct
What
100%
if
100%
I
100%
what
100%
if
100%
what
100%
What
100%
if
100%
I
100%
I
100%
I
100%
I
100%
What
100%
if
100%
I
100%
what
100%
if
100%
what
100%
What
100%
if
100%
I
100%
What
100%
if
100%
I
100%
What
100%
I
100%
if
100%
What
100%
if
100%
I
100%
I
100%
What
100%
if
100%
What
100%
if
100%
I
100%
what
100%
if
100%
what
100%
What
100%
if
100%
I
100%
What
100%
if
100%
I
100%
I
100%
What
100%
if
100%
What
100%
if
100%
I
100%
What
100%
if
100%
I
100%
if
100%
I
100%
What
100%
if
100%
I
100%
never
99%
get
99%
over
99%
you?
99%
you
99%
never
99%
get
99%
over
99%
you?
99%
never
99%
get
99%
over?
99%
never
99%
get
99%
never
99%
get
99%
ya?
99%
never
99%
never
99%
get
99%
over
99%
you?
99%
you
99%
never
99%
get
99%
over?
99%
never
99%
get
99%
over
99%
never
99%
get
99%
% Correct
over
99%
you? (x3)
99%
Over
99%
you
99%
the
98%
the
98%
the
98%
And
98%
And
98%
And
98%
and
98%
and
98%
And
98%
And
98%
the
98%
and
98%
and
98%
And
98%
And
98%
and
98%
to
96.9%
to
96.9%
to
96.9%
to
96.9%
to
96.9%
to
96.9%
It
95.9%
go
95.9%
go
95.9%
it
95.9%
it
95.9%
It's
94.9%
to
94.9%
it's
94.9%
a
94.9%
But
94.9%
is
94.9%
in
94.9%
But
94.9%
but
94.9%
in
94.9%
it's
94.9%
it's
94.9%
he
94.9%
is
94.9%
but
94.9%
in
94.9%
it's
94.9%
but
94.9%
in
94.9%
it's
94.9%
supposed
93.9%
on
93.9%
I'm
93.9%
then
93.9%
I'm
93.9%
then
93.9%
then,
93.9%
all
93.9%
I'm
93.9%
then
93.9%
then
93.9%
I'm
93.9%
all
93.9%
I'm
93.9%
then
93.9%
then
93.9%
I'm
93.9%
my
92.9%
right
92.9%
right
92.9%
my
92.9%
right
92.9%
my
92.9%
right
92.9%
my
92.9%
broken
91.8%
back,
91.8%
do
91.8%
do?
91.8%
see
91.8%
see
91.8%
back,
91.8%
do
91.8%
do?
91.8%
back
91.8%
back,
91.8%
do
91.8%
do?
91.8%
heart
90.8%
% Correct
that
90.8%
supposed
90.8%
that
90.8%
supposed
90.8%
that
90.8%
supposed
90.8%
close
89.8%
last
89.8%
goodbye?
89.8%
time
89.8%
close
89.8%
last
89.8%
goodbye?
89.8%
time
89.8%
ever
89.8%
ever?
89.8%
close
89.8%
last
89.8%
goodbye
89.8%
time
89.8%
hurt
88.8%
eyes
88.8%
doesn't
88.8%
now
88.8%
Every
88.8%
now
88.8%
can
88.8%
through
88.8%
eyes
88.8%
doesn't
88.8%
eyes
88.8%
doesn't
88.8%
lost
87.8%
lost
87.8%
lost
87.8%
was
87.8%
hardest
86.7%
part
86.7%
when
86.7%
by,
85.7%
years
85.7%
from
85.7%
someone,
85.7%
at
85.7%
him
85.7%
movin'
84.7%
tryin',
84.7%
months
84.7%
look
84.7%
tryin',
84.7%
tryin',
84.7%
waves,
83.7%
Maybe
83.7%
maybe
83.7%
comes
82.7%
meet
82.7%
knows
81.6%
knows
81.6%
out
81.6%
one
80.6%
workin'
79.6%
Yeah,
79.6%
better?
79.6%
everybody
78.6%
Everybody
78.6%
'Cause
78.6%
love
78.6%
only
78.6%
closure?
77.6%
told
77.6%
wasted
76.5%
gets
76.5%
this
74.5%
your
74.5%
shot?
74.5%
words
73.5%
lasts
73.5%
forever
73.5%
fades,
72.4%
memory
71.4%
with
69.4%
up
68.4%
compare
67.3%
letting
66.3%
end
65.3%
nothing
65.3%
Oh,
63.3%
got?
58.2%
everything
57.1%
gave
56.1%

You're not logged in!

Compare scores with friends on all Sporcle quizzes.
OR
Log In

From the Vault

How Close Can You Get To...? II

by gazzso

It's harder to get there when we can't really travel.
Remove Ads.
Support Sporcle.
Get the best of Sporcle when you Go Orange. This ad-free experience offers more features, more stats, and more fun while also helping to support Sporcle. Thank you for becoming a member.

Show Comments

Extras

Created Feb 29, 2020ReportNominate
Tags:Lady, Never

Top Quizzes Today


Score Distribution

Your Account Isn't Verified!

In order to create a playlist on Sporcle, you need to verify the email address you used during registration. Go to your Sporcle Settings to finish the process.

Report this User

Report this user for behavior that violates our Community Guidelines.

Details: